| 000 | 00530nam a2200169 a 4500 | ||
|---|---|---|---|
| 008 | 120416s1993 ||||||||||||||||| || u | ||
| 020 | _a1858050154 | ||
| 050 | _aHF 5686.C8 Luc | ||
| 100 | _aLucey, T | ||
| 245 | 1 | 0 | _aCosting. (4th ed.) |
| 250 | _a4th ed. | ||
| 260 |
_aLondon: _bDP Publications _c1993 |
||
| 300 | _av, 586p : ill. | ||
| 350 | _a0.00 | ||
| 650 | _aCOSTING | ||
| 995 |
_D0.00 _FCBU-MAIN LIBRARY (Kitwe) _H1 _I10.95 _M1 _UDAMAGED _ZMain Library Open Access Collection |
||
| 999 |
_c39024 _d39024 |
||